| 000 | 00662nam a2200217 a 4500 | ||
|---|---|---|---|
| 001 | 20047 | ||
| 003 | CO-ViMGA | ||
| 008 | 141112s2004 ck r 000 u spa d | ||
| 040 |
_aCO-ViMGA _bspa _cCO-ViMGA |
||
| 082 | 0 | 4 | _a843.51 D185c |
| 100 | 1 |
_aD'Aulnoy, Madame _929087 |
|
| 245 | 1 | 0 | _aEl Cuarto de las hadas |
| 260 |
_aMadrid : _bSiruela, _c1991 |
||
| 300 | _a279 p. | ||
| 490 | _aLa edad de oro, cuentos de hadas universales | ||
| 590 | _aForma de adquisición : Premio Mincultura | ||
| 650 | 1 | 4 |
_aBARNEVILLE, MARIE - CATHERINE LE JUMEL DE (1650 - 1705) _929088 |
| 650 | 1 | 4 |
_aCUENTOS DE HADAS _95780 |
| 650 | 1 | 4 |
_aCUENTOS FRANCESES _91078 |
| 942 |
_2ddc _cBK |
||
| 999 |
_c29162 _d29162 |
||